MARC

LEADER 00000nam0a2200000 4500
001 330965
005 20231102004317.0
035 |a (RuTPU)RU\TPU\book\356753 
090 |a 330965 
100 |a 20170413d1968 km y0rusy50 ca 
101 0 |a rus 
102 |a RU 
105 |a a g 001zy 
200 1 |a Справочник телезрителя  |f А. И. Соловейчик 
205 |a 2-е изд. 
210 |a Москва  |c Связь  |d 1968 
215 |a 78 с.  |c ил. 
320 |a Библиогр.: с. 80 
606 1 |a Телевизоры  |x Проверка и настройка  |x Оборудование  |2 stltpush  |3 (RuTPU)RU\TPU\subj\59201  |9 76766 
610 1 |a обслуживание 
610 1 |a ремонт 
610 1 |a гарантии 
610 1 |a замена 
610 1 |a кинескопы 
610 1 |a детали 
610 1 |a обмен 
610 1 |a сроки 
610 1 |a телевизионные антенны 
610 1 |a установка 
610 1 |a справочники 
675 |a 621.397.44.07(035)  |v 4 
700 1 |a Соловейчик  |b А. И.  |g Аркадий Иосифович 
801 1 |a RU  |b 63413507  |c 20170413 
801 2 |a RU  |b 63413507  |c 20170417  |g RCR 
942 |c BK